For richer, for poorer : The new U.S.-Japan relationship
Đã lưu trong:
| Hovedforfatter: | |
|---|---|
| Format: | Bog |
| Sprog: | Undetermined |
| Udgivet: |
New York
Council on Foreign Relations
1987
|
| Fag: | |
| Tags: |
Tilføj Tag
Ingen Tags, Vær først til at tagge denne postø!
|
| Thư viện lưu trữ: | Trung tâm Học liệu Trường Đại học Cần Thơ |
|---|
| LEADER | 00554nam a2200205Ia 4500 | ||
|---|---|---|---|
| 001 | CTU_97709 | ||
| 008 | 210402s9999 xx 000 0 und d | ||
| 082 | |a 303.4 | ||
| 082 | |b F939 | ||
| 100 | |a Frost, Ellen L. | ||
| 245 | 0 | |a For richer, for poorer : | |
| 245 | 4 | |b The new U.S.-Japan relationship | |
| 245 | 0 | |c Ellen L. Frost | |
| 260 | |a New York | ||
| 260 | |b Council on Foreign Relations | ||
| 260 | |c 1987 | ||
| 650 | |a Relations | ||
| 650 | |z Japan,United states | ||
| 904 | |i Giang | ||
| 980 | |a Trung tâm Học liệu Trường Đại học Cần Thơ | ||